[Event "Hamburg HSK Easter op"]
[Site "Hamburg"]
[Date "2024.03.30"]
[Round "4"]
[White "Holinka, Henning"]
[Black "Boehm, Thomas1"]
[Result "1/2-1/2"]
[WhiteElo "2198"]
[BlackElo "2164"]
[PlyCount "81"]
[EventDate "2024.03.29"]
[EventType "swiss"]
[EventRounds "7"]
[EventCountry "GER"]
[SourceTitle "CB18_2024"]
[SourceDate "2024.05.01"]
[SourceVersion "1"]
[SourceVersionDate "2024.05.01"]
[SourceQuality "2"]

1. e4 c6 2. Nc3 d5 3. Nf3 dxe4 4. Nxe4 Nf6 5. Qe2 Nxe4 6. Qxe4 Nd7 7. d4 Nf6 8. Qf4 g6 9. Ne5 Be6 10. c3 Bg7 11. Be2 Rc8 12. 0-0 0-0 13. Rd1 Qc7 14. Nd3 Bc4 15. Qxc7 Rxc7 16. Bf4 Bxd3 17. Rxd3 Rd7 18. c4 Rfd8 19. Rad1 Ne4 20. Be3 e6 21. g4 h6 22. f3 Nf6 23. g5 hxg5 24. Bxg5 Re8 25. a4 Nh7 26. Bh4 Bf6 27. Bf2 Bg5 28. Bf1 Nf6 29. a5 a6 30. b4 Red8 31. Rb3 e5 32. d5 cxd5 33. cxd5 Rxd5 34. Rxd5 Rxd5 35. b5 axb5 36. Bxb5 Nh5 37. Bc4 Rxa5 38. Rxb7 Nf4 39. h4 Bh6 40. Rxf7 Kh8 41. Ra7 1/2-1/2

[Event "Hamburg HSK Easter op"]
[Site "Hamburg"]
[Date "2024.03.29"]
[Round "1"]
[White "Lasschuit, Rene"]
[Black "Holinka, Henning"]
[Result "0-1"]
[WhiteElo "1762"]
[BlackElo "2198"]
[PlyCount "58"]
[EventDate "2024.03.29"]
[EventType "swiss"]
[EventRounds "7"]
[EventCountry "GER"]
[SourceTitle "CB18_2024"]
[SourceDate "2024.05.01"]
[SourceVersion "1"]
[SourceVersionDate "2024.05.01"]
[SourceQuality "2"]

1. Nf3 d5 2. c4 e6 3. g3 Nf6 4. Bg2 c5 5. cxd5 exd5 6. d4 Nc6 7. 0-0 h6 8. Nc3 Be6 9. Qa4 Be7 10. Rd1 0-0 11. Bf4 g5 12. Be5 Nd7 13. e4 Ndxe5 14. Nxe5 Nxd4 15. exd5 Bf5 16. Nb5 Bc2 17. b3 Ne2+ 18. Kf1 Bxd1 19. Rxd1 a6 20. Qe4 axb5 21. Qxe2 Bf6 22. Ng4 Bg7 23. Qxb5 f5 24. Ne3 Bd4 25. Qxb7 Rxa2 26. Qc6 Rf6 27. d6 Rxd6 28. Bd5+ Kh8 29. Qb7 f4 0-1

[Event "Hoogeveen op 25th"]
[Site "Hoogeveen"]
[Date "2022.10.18"]
[Round "4"]
[White "Fernandez, Daniel Howard"]
[Black "Holinka, Henning"]
[Result "1-0"]
[WhiteElo "2476"]
[BlackElo "2245"]
[PlyCount "49"]
[EventDate "2022.10.15"]
[EventType "swiss"]
[EventRounds "9"]
[EventCountry "NED"]
[SourceTitle "CBM 210 Extra"]
[Source "ChessBase"]
[SourceDate "2022.11.30"]
[SourceVersion "1"]
[SourceVersionDate "2022.11.30"]
[SourceQuality "1"]

1. e4 c5 2. Nc3 d6 3. f4 g6 4. Bb5+ Bd7 5. a4 Bg7 6. Nf3 e6 7. f5 gxf5 8. exf5 e5 9. d3 Nc6 10. 0-0 Nce7 11. f6 Nxf6 12. Nh4 a6 13. Bxd7+ Qxd7 14. Bg5 Qe6 15. Qf3 Nfd5 16. Nxd5 Nxd5 17. Nf5 Bf8 18. c4 Nc7 19. Qxb7 Rc8 20. d4 Rg8 21. dxe5 dxe5 22. Rae1 Rxg5 23. Rxe5 Kd7 24. Rxe6 fxe6 25. Rd1+ 1-0

[Event "GER-chT U20"]
[Site "Kiel"]
[Date "2022.07.26"]
[Round "7.2"]
[White "Koll, Linus"]
[Black "Holinka, Henning"]
[Result "1-0"]
[WhiteElo "2033"]
[BlackElo "2251"]
[PlyCount "91"]
[EventDate "2022.07.22"]
[EventType "team-swiss"]
[EventRounds "7"]
[EventCountry "GER"]
[SourceTitle "CBM 209 Extra"]
[Source "ChessBase"]
[SourceDate "2022.09.30"]
[SourceVersion "1"]
[SourceVersionDate "2022.09.30"]
[SourceQuality "1"]
[WhiteTeam "Karlsruhe SF"]
[BlackTeam "Hamburger SK"]
[WhiteTeamCountry "GER"]
[BlackTeamCountry "GER"]

1. e4 c5 2. Nf3 d6 3. d4 cxd4 4. Nxd4 Nf6 5. Nc3 a6 6. h3 e5 7. Nb3 Be7 8. Be3 h6 9. Qd2 Nbd7 10. a4 Qc7 11. a5 Nc5 12. Nxc5 dxc5 13. Bc4 Bd7 14. Nd5 Nxd5 15. Bxd5 0-0 16. Bxh6 gxh6 17. Qxh6 Qd6 18. Qh5 Kg7 19. Ra3 Qh6 20. Qxe5+ Bf6 21. Qg3+ Kh7 22. Qe3 Bxb2 23. Qxh6+ Kxh6 24. Rb3 Bd4 25. c4 Rab8 26. f4 Bc6 27. Ke2 Bxd5 28. exd5 b5 29. axb6 Rb7 30. Rd1 Rc8 31. Rxd4 cxd4 32. Kd3 a5 33. Rb5 a4 34. c5 a3 35. c6 a2 36. Ra5 Rxb6 37. Rxa2 Rb4 38. Rc2 Ra8 39. c7 Ra3+ 40. Kd2 d3 41. c8Q dxc2 42. Qf8+ Kg6 43. Qxb4 Rd3+ 44. Kxc2 Rxd5 45. Qe4+ Kh5 46. Qxd5+ 1-0

[Event "Oberliga Nord N 2122"]
[Site "Germany"]
[Date "2021.10.31"]
[Round "1.7"]
[White "Holinka, Henning"]
[Black "Kilic, Oguz"]
[Result "1-0"]
[WhiteElo "2244"]
[BlackElo "2045"]
[PlyCount "67"]
[EventDate "2021.10.31"]
[EventType "team-tourn"]
[EventRounds "9"]
[EventCountry "GER"]
[SourceTitle "EXT 2023"]
[Source "ChessBase"]
[SourceDate "2022.10.05"]
[SourceVersion "1"]
[SourceVersionDate "2022.10.05"]
[SourceQuality "1"]
[WhiteTeam "Hamburger SK III"]
[BlackTeam "Hamburg Diogenes"]
[WhiteTeamCountry "GER"]
[BlackTeamCountry "GER"]

1. e4 c5 2. Nf3 g6 3. c4 Bg7 4. d4 cxd4 5. Nxd4 Nc6 6. Be3 Nf6 7. Nc3 0-0 8. Be2 d6 9. 0-0 a6 10. f3 Bd7 11. Qd2 Rc8 12. Rfc1 Nxd4 13. Bxd4 Bc6 14. b4 Nh5 15. b5 Bd7 16. Nd5 Bxd4+ 17. Qxd4 Rc5 18. e5 Be6 19. g4 Ng7 20. Nxe7+ Qxe7 21. exd6 Qg5 22. f4 Rxc4 23. Rxc4 Qh4 24. Rc3 Bxg4 25. f5 h5 26. Bxg4 hxg4 27. d7 gxf5 28. Rc8 Ne6 29. Qd6 Rd8 30. Rac1 Kh7 31. Rxd8 Qxd8 32. Rc8 Qa5 33. Qe5 Kg6 34. Rg8+ 1-0

[Event "GER-chT Lands U20"]
[Site "Neumuenster"]
[Date "2021.10.04"]
[Round "4.4"]
[White "Holinka, Henning"]
[Black "Faerber, David"]
[Result "1/2-1/2"]
[WhiteElo "2244"]
[BlackElo "2318"]
[PlyCount "102"]
[EventDate "2021.10.01"]
[EventType "team-swiss"]
[EventRounds "7"]
[EventCountry "GER"]
[SourceTitle "CBM 204 Extra"]
[Source "ChessBase"]
[SourceDate "2021.11.30"]
[SourceVersion "1"]
[SourceVersionDate "2021.11.30"]
[SourceQuality "1"]
[WhiteTeam "Hamburg"]
[BlackTeam "Baden"]
[WhiteTeamCountry "GER"]
[BlackTeamCountry "GER"]

1. e4 c5 2. Nf3 Nc6 3. d4 cxd4 4. Nxd4 e6 5. Nc3 Qc7 6. Qd3 Nxd4 7. Qxd4 a6 8. Be3 b5 9. a4 b4 10. Na2 e5 11. Qc4 Qxc4 12. Bxc4 Bb7 13. f3 Nf6 14. 0-0-0 Rc8 15. b3 Rc6 16. g4 h6 17. h4 Ba8 18. g5 Nh5 19. Rd5 f6 20. Rhd1 Rxc4 21. bxc4 Bxd5 22. exd5 hxg5 23. hxg5 Nf4 24. Bb6 Ne2+ 25. Kb2 Nd4 26. gxf6 gxf6 27. a5 b3 28. Bxd4 bxa2 29. Bb6 Rh4 30. c5 Rc4 31. d6 f5 32. Kb3 Rd4 33. Re1 Bg7 34. Kxa2 Kf7 35. Kb3 Ke6 36. Rg1 Bf6 37. Rg6 Kf7 38. Rh6 Bg7 39. c6 dxc6 40. Bxd4 Bxh6 41. Bxe5 Ke6 42. Bg3 Bf8 43. Kc4 Bxd6 44. Bxd6 Kxd6 45. f4 c5 46. Kd3 Kd5 47. c4+ Ke6 48. Ke3 Kf6 49. Kf3 Kg6 50. Kg3 Kh5 51. Kh3 Kg6 1/2-1/2

[Event "GER-chT Lands U20"]
[Site "Neumuenster"]
[Date "2021.10.02"]
[Round "2.6"]
[White "Holinka, Henning"]
[Black "Fromm, Marius"]
[Result "0-1"]
[WhiteElo "2244"]
[BlackElo "2342"]
[PlyCount "74"]
[EventDate "2021.10.01"]
[EventType "team-swiss"]
[EventRounds "7"]
[EventCountry "GER"]
[SourceTitle "CBM 204 Extra"]
[Source "ChessBase"]
[SourceDate "2021.11.30"]
[SourceVersion "1"]
[SourceVersionDate "2021.11.30"]
[SourceQuality "1"]
[WhiteTeam "Hamburg"]
[BlackTeam "Mecklenburg Vorpommern"]
[WhiteTeamCountry "GER"]
[BlackTeamCountry "GER"]

1. e4 c5 2. c4 Nc6 3. Nc3 g6 4. g3 Bg7 5. Bg2 Nf6 6. Nge2 0-0 7. 0-0 d6 8. d3 Bg4 9. h3 Bxe2 10. Nxe2 Rb8 11. f4 Nd7 12. Rb1 Nd4 13. Nxd4 Bxd4+ 14. Kh2 b5 15. Qe2 bxc4 16. dxc4 Nb6 17. f5 Nd7 18. h4 e6 19. Bh6 Bg7 20. Bg5 Bf6 21. Bf4 Qe7 22. fxe6 fxe6 23. Bh3 Ne5 24. b3 a5 25. h5 Kg7 26. Bxe5 Bxe5 27. Qg4 Rbe8 28. hxg6 hxg6 29. Kg2 Qb7 30. Rbe1 Qb4 31. Qg5 Qc3 32. Rxf8 Rxf8 33. Bxe6 Rf6 34. Rh1 Qc2+ 35. Kh3 Rxe6 36. Qd8 Rf6 37. Qa8 Qf2 0-1

[Event "GER-chT U20"]
[Site "Willingen"]
[Date "2021.06.25"]
[Round "4"]
[White "Holinka, Henning"]
[Black "Trifan, Andrei Ioan"]
[Result "0-1"]
[WhiteElo "2256"]
[BlackElo "2237"]
[PlyCount "68"]
[EventDate "2021.06.24"]
[EventType "team-swiss"]
[EventRounds "7"]
[EventCountry "GER"]
[SourceTitle "CBM 203 Extra"]
[Source "ChessBase"]
[SourceDate "2021.09.30"]
[SourceVersion "1"]
[SourceVersionDate "2021.09.30"]
[SourceQuality "1"]
[WhiteTeam "Hamburger SK"]
[BlackTeam "Baden-Baden"]
[WhiteTeamCountry "GER"]
[BlackTeamCountry "GER"]

1. e4 e5 2. Nf3 Nc6 3. Bc4 Bc5 4. d3 Nf6 5. 0-0 a6 6. a4 d6 7. c3 Ba7 8. b4 h6 9. Nbd2 0-0 10. Re1 Ne7 11. Nf1 Ng6 12. Ng3 c6 13. Bb3 Re8 14. h3 d5 15. Ra2 Be6 16. Rd2 Qc7 17. Bb2 Rad8 18. exd5 cxd5 19. c4 dxc4 20. dxc4 Rxd2 21. Qxd2 Bxc4 22. Bxc4 Qxc4 23. Nxe5 Qd5 24. Nf3 Qxd2 25. Rxe8+ Nxe8 26. Nxd2 Nf4 27. Nde4 Nd3 28. Ba3 g6 29. Nc5 Nxc5 30. bxc5 Nf6 31. Kf1 Nd7 32. Ke2 Bxc5 33. Bc1 Nb6 34. a5 Nc4 0-1

[Event "GER-chT Online Liga 1 GpD"]
[Site "Playchess.com INT"]
[Date "2021.01.25"]
[Round "1.2"]
[White "Holinka, Henning"]
[Black "Meyer Dunker, Paul"]
[Result "0-1"]
[WhiteElo "2256"]
[BlackElo "2112"]
[PlyCount "124"]
[EventDate "2021.01.18"]
[EventType "team-tourn (rapid)"]
[EventRounds "7"]
[EventCountry "GER"]
[SourceTitle "CBM 200 Extra"]
[Source "ChessBase"]
[SourceDate "2021.03.31"]
[SourceVersion "1"]
[SourceVersionDate "2021.03.31"]
[SourceQuality "1"]
[WhiteTeam "Hamburger SK"]
[BlackTeam "Eppendorf Johanneum"]
[WhiteTeamCountry "GER"]
[BlackTeamCountry "GER"]

1. e4 e5 2. Nf3 Nc6 3. Bc4 Nf6 4. d3 Bc5 5. 0-0 d6 6. a4 a6 7. c3 Ba7 8. Re1 0-0 9. Nbd2 Ne7 10. Bb3 Ng6 11. Nf1 Nh5 12. Bg5 Qe8 13. Nh4 Ngf4 14. Ng3 Nxg3 15. hxg3 Ne6 16. Bd2 Nc5 17. Bc2 Ne6 18. Nf5 Qd8 19. Qg4 Kh8 20. Bb3 g6 21. Nh6 Nc5 22. Qd1 Nxd3 23. Nxf7+ Rxf7 24. Bxf7 Nxf2 25. Qb3 Nd3+ 26. Kh2 Nxe1 27. Rxe1 Qf6 28. Qc4 g5 29. Bh5 Be6 30. Rf1 Qh6 31. Qe2 Bc4 32. Qg4 Bxf1 33. Bxg5 Qg7 34. Qh4 Rf8 35. Bg4 Bc4 36. Bf5 Bf2 37. Kh3 Bd3 38. Bh6 Qxg3+ 39. Qxg3 Bxg3 40. Bxf8 Bf4 41. Be7 Bc1 42. Be6 Kg7 43. b3 Bxe4 44. Bd8 Bd2 45. c4 Bc2 46. Bxc7 Bb4 47. c5 Bxc5 48. Bd5 Kf6 49. Bxb7 Bxb3 50. a5 Bc4 51. Be4 h6 52. Bd8+ Ke6 53. g4 d5 54. Bf5+ Kd6 55. Bf6 e4 56. Bg7 e3 57. Bxh6 e2 58. Bf4+ Kc6 59. Bd2 Bf2 60. g5 e1Q 61. Bxe1 Bxe1 62. g6 Bc3 0-1

[Event "DSOL 01 Liga Final 1st"]
[Site "Playchess.com INT"]
[Date "2020.08.27"]
[Round "1.3"]
[White "Aldag, Thomas"]
[Black "Holinka, Henning"]
[Result "0-1"]
[WhiteElo "1869"]
[BlackElo "2172"]
[PlyCount "76"]
[EventDate "2020.06.22"]
[EventType "team-k.o. (rapid)"]
[EventCountry "GER"]
[SourceTitle "EXT 2021"]
[Source "ChessBase"]
[SourceDate "2020.10.23"]
[SourceVersion "1"]
[SourceVersionDate "2020.10.23"]
[SourceQuality "1"]
[WhiteTeam "Rinteln"]
[BlackTeam "Hamburger SK"]
[WhiteTeamCountry "GER"]
[BlackTeamCountry "GER"]

1. e4 g6 2. d4 Bg7 3. c4 d6 4. Nc3 e5 5. d5 f5 6. Bd3 Nf6 7. Nge2 0-0 8. Qc2 f4 9. Bd2 a5 10. f3 Na6 11. a3 c6 12. Na4 Bd7 13. Nec3 Qc7 14. Rc1 Rfc8 15. 0-0 cxd5 16. exd5 Nc5 17. Nxc5 Qxc5+ 18. Kh1 Kf7 19. Be1 a4 20. Bf2 Qa5 21. Be1 Qc7 22. b3 axb3 23. Qxb3 Bf8 24. Bh4 Nh5 25. Ne4 Qa5 26. Qxb7 Ra7 27. Ng5+ Kg8 28. Qb1 Be8 29. Ne6 Qxa3 30. Bf5 Rca8 31. Bg4 Ng7 32. Nxf8 Kxf8 33. g3 Rf7 34. Bg5 fxg3 35. f4 h5 36. Be6 Nxe6 37. dxe6 Bc6+ 38. Kg1 Qe3+ 0-1

[Event "Berlin Lichtenrade op 15th"]
[Site "Berlin"]
[Date "2019.10.16"]
[Round "5"]
[White "Spors, Carl Philip"]
[Black "Holinka, Henning"]
[Result "0-1"]
[WhiteElo "1971"]
[BlackElo "2101"]
[PlyCount "93"]
[EventDate "2019.10.12"]
[EventType "swiss"]
[EventRounds "9"]
[EventCountry "GER"]
[SourceTitle "CBM 195 Extra"]
[Source "ChessBase"]
[SourceDate "2020.05.31"]
[SourceVersion "1"]
[SourceVersionDate "2020.05.31"]
[SourceQuality "1"]

1. e4 g6 2. d4 Bg7 3. Nf3 d6 4. Be3 Nd7 5. Qd2 b6 6. Nc3 Bb7 7. 0-0-0 h6 8. Bc4 e6 9. h3 Ngf6 10. Bd3 d5 11. e5 Ne4 12. Bxe4 dxe4 13. Nh2 f5 14. exf6 Nxf6 15. Qe2 Qe7 16. Ng4 0-0-0 17. Ne5 Qe8 18. Qb5 g5 19. Rhe1 a6 20. Qc4 b5 21. Qc5 Kb8 22. Qa3 Ka8 23. Qa5 Rc8 24. a4 c6 25. axb5 cxb5 26. d5 Nxd5 27. Nxd5 exd5 28. Qb6 Kb8 29. Qa7+ Kc7 30. Bb6+ Kd6 31. Qxb7 Qxe5 32. Bd4 Qf4+ 33. Be3 Qe5 34. Qxa6+ Rc6 35. Qa3+ Ke6 36. Kb1 Ra8 37. Qb3 Rca6 38. c3 b4 39. Bd4 Qf5 40. Re3 Ra1+ 41. Kc2 Rxd1 42. Kxd1 Bxd4 43. cxd4 Qxf2 44. Rxe4+ Kf6 45. Re2 Ra1+ 46. Kd2 Qxd4+ 47. Kc2 0-1

[Event "Berlin Lichtenrade op 15th"]
[Site "Berlin"]
[Date "2019.10.15"]
[Round "4"]
[White "Holinka, Henning"]
[Black "Starostits, Ilmars"]
[Result "0-1"]
[WhiteElo "2101"]
[BlackElo "2479"]
[PlyCount "162"]
[EventDate "2019.10.12"]
[EventType "swiss"]
[EventRounds "9"]
[EventCountry "GER"]
[SourceTitle "CBM 192 Extra"]
[Source "Chessbase"]
[SourceDate "2019.11.06"]
[SourceVersion "1"]
[SourceVersionDate "2019.11.06"]
[SourceQuality "1"]

1. e4 c5 2. Nf3 Nc6 3. d4 cxd4 4. Nxd4 Qb6 5. Nb3 Nf6 6. Nc3 e6 7. Qe2 Bb4 8. Bd2 0-0 9. a3 Be7 10. 0-0-0 d5 11. Be3 Qc7 12. exd5 Nxd5 13. Nxd5 exd5 14. Rxd5 Be6 15. Rd1 Rac8 16. Kb1 Bf6 17. g4 Ne5 18. h3 Bc4 19. Qd2 Nf3 20. Qa5 b6 21. Qf5 Be6 22. Qe4 Bxb3 23. Bd3 Rfe8 24. Qxh7+ Kf8 25. g5 Bxb2 26. cxb3 Qc3 27. Bf5 g6 28. Qh6+ Kg8 29. Bxg6 fxg6 30. Qxg6+ Qg7 31. Qxg7+ Bxg7 32. Rd3 Ne5 33. Rdd1 Rc3 34. Ka2 Rec8 35. Bd4 Rc2+ 36. Kb1 Nf3 37. Bxg7 Nd2+ 38. Rxd2 Rxd2 39. Ba1 Rxf2 40. h4 Rg2 41. Bf6 Re8 42. h5 Re3 43. Rd1 Rxb3+ 44. Kc1 Rf3 45. a4 Kf7 46. Rd7+ Ke6 47. Rd1 Kf5 48. Rh1 Rff2 49. h6 Rh2 50. Rg1 Kg6 51. a5 b5 52. Kb1 a6 53. Rd1 Rh3 54. Bd8 Rg2 55. Rd6+ Kf5 56. Rd5+ Ke6 57. Rd1 Rhh2 58. Bf6 Kf5 59. Rf1+ Kg6 60. Be5 Rh3 61. Bf6 Rgh2 62. Rd1 Rb3+ 63. Kc1 Rf3 64. Bd8 Rc3+ 65. Kb1 Rc6 66. Bf6 Re6 67. Bd8 Ree2 68. Bf6 Rd2 69. Rxd2 Rxd2 70. Ka1 b4 71. Kb1 Rd5 72. Kb2 Rxa5 73. Kb3 Rb5 74. Be7 Rb7 75. Bf6 a5 76. Ka4 Ra7 77. Bd4 Rd7 78. Bf6 Rd5 79. Kb3 Rd3+ 80. Kc2 Rf3 81. Kb2 Rxf6 0-1

[Event "GER-chT Lands U20"]
[Site "Wuerzburg"]
[Date "2019.10.05"]
[Round "6.7"]
[White "Riehle, Marco"]
[Black "Holinka, Henning"]
[Result "1-0"]
[WhiteElo "2309"]
[BlackElo "2101"]
[PlyCount "101"]
[EventDate "2019.10.01"]
[EventType "team-swiss"]
[EventRounds "7"]
[EventCountry "GER"]
[SourceTitle "EXT 2020"]
[Source "ChessBase"]
[SourceDate "2019.10.17"]
[SourceVersion "1"]
[SourceVersionDate "2019.10.17"]
[SourceQuality "1"]
[WhiteTeam "Baden II"]
[BlackTeam "Hamburg/Schleswig Holstein"]
[WhiteTeamCountry "GER"]
[BlackTeamCountry "GER"]

1. e4 g6 2. d4 Bg7 3. c4 d6 4. Nc3 e5 5. d5 f5 6. exf5 gxf5 7. Qh5+ Kf8 8. f4 Nf6 9. Qe2 e4 10. Bd2 Na6 11. 0-0-0 Nc5 12. h3 Qe8 13. Qe3 Bd7 14. Nge2 b5 15. Nd4 bxc4 16. Bxc4 Rb8 17. g4 Rb4 18. b3 Qb8 19. Kc2 Nd3 20. Rb1 Qb6 21. Nxf5 Bxf5 22. Qxb6 Rxb6 23. gxf5 Nb4+ 24. Kd1 Kf7 25. Ke2 Nc2 26. Kf2 Re8 27. Nd1 e3+ 28. Bxe3 Ne4+ 29. Kg2 Nxe3+ 30. Nxe3 Nc3 31. Rbe1 Nxa2 32. Ng4 Rbb8 33. Re6 h5 34. Nf2 Nc3 35. Rhe1 Bf6 36. Kf3 Rg8 37. R1e3 Bh4 38. Ng4 hxg4+ 39. hxg4 Nd1 40. Re2 Nc3 41. Rh2 Rh8 42. g5 Rh5 43. f6 Rbh8 44. Re7+ Kf8 45. Rxc7 Bxg5 46. Rc8+ Kf7 47. Rxh8 Rxh2 48. Rxh2 Bxf6 49. Ke3 Bg7 50. Kd3 Nd1 51. Ra2 1-0